000 00180 a2200097 4500
020 _a9780881131505
041 _aspa
100 _aMax Lucado
245 _aLa vela de navidad
942 _cBK
999 _c34
_d34